000
00230nam a2200097Ia 4500
001
647500
005
20250826153703.0
008
250824s9999 xx 000 0 und d
245
0
_a
Tehlikenin Nefesi
_c
Hüsnan Şeker
260
_b
ALTIN
999
_c
647500
_d
647500